| 000 | 00538 a2200169 4500 | ||
|---|---|---|---|
| 003 | Nust | ||
| 005 | 20230316104040.0 | ||
| 040 | _cNust | ||
| 082 | _a440,BOU | ||
| 100 |
_aBourdon, Peter. _9110377 |
||
| 245 |
_aLearn French the Easy Way / _cPeter Bourdon, |
||
| 260 |
_aBronxville, Cambridge Book Co. _b N.Y., _c [1960] |
||
| 300 |
_a240, 142 p. _billus. 19 cm. |
||
| 505 | _aGrammar (Page-7), Verbs (Page-176), Idioms (Page-185), Conversation Pieces (Page-201), Vocabulary (Page-214). | ||
| 650 |
_aFrench _9110378 |
||
| 942 |
_2ddc _cBK |
||
| 999 |
_c185718 _d185718 |
||